[Event "BEL-ch opB"]
[Site "Westerlo"]
[Date "2004.07.??"]
[Round "1"]
[White "Deswysen, Quirin"]
[Black "Verellen, Jef"]
[Result "1/2-1/2"]
[WhiteElo "1381"]
[BlackElo "1899"]
[PlyCount "72"]
[EventDate "2004.07.??"]
[EventType "swiss"]
[EventRounds "9"]
[EventCountry "BEL"]
[SourceTitle "EXT 2005"]
[Source "ChessBase"]
[SourceDate "2004.11.15"]
[SourceVersion "1"]
[SourceVersionDate "2004.11.15"]
[SourceQuality "1"]

1. e4 c5 2. Nf3 e6 3. d4 cxd4 4. Nxd4 Nc6 5. c4 a6 6. Nc3 Nge7 7. Be2 Nxd4 8. Qxd4 Nc6 9. Qd1 Be7 10. 0-0 0-0 11. Be3 Qc7 12. f4 d6 13. a3 b6 14. Qc2 Bf6 15. Rad1 Rb8 16. g4 h6 17. g5 hxg5 18. fxg5 Be7 19. Bf4 Na5 20. Qd3 Rd8 21. h4 Nc6 22. Bg3 Ne5 23. Bxe5 dxe5 24. Qf3 Bc5+ 25. Kg2 Bb7 26. h5 Qe7 27. Qg3 Bd4 28. h6 g6 29. Rf6 Bxc3 30. Qxc3 Rxd1 31. Bxd1 Bxe4+ 32. Bf3 Bxf3+ 33. Qxf3 Rf8 34. Qe4 Qc7 35. Qh4 Kh7 36. Qf2 Kg8 1/2-1/2

[Event "BEL-ch opB"]
[Site "Westerlo"]
[Date "2004.07.??"]
[Round "2"]
[White "Kocur, Marc"]
[Black "Deswysen, Quirin"]
[Result "1-0"]
[WhiteElo "2070"]
[BlackElo "1381"]
[PlyCount "29"]
[EventDate "2004.07.??"]
[EventType "swiss"]
[EventRounds "9"]
[EventCountry "BEL"]
[SourceTitle "EXT 2005"]
[Source "ChessBase"]
[SourceDate "2004.11.15"]
[SourceVersion "1"]
[SourceVersionDate "2004.11.15"]
[SourceQuality "1"]

1. Nc3 Nf6 2. Nf3 d6 3. d4 e6 4. Bg5 Be7 5. Qd2 a6 6. e4 c5 7. 0-0-0 cxd4 8. Nxd4 Nc6 9. Bxf6 Bxf6 10. Nxc6 Bxc3 11. Qxc3 bxc6 12. Qxc6+ Bd7 13. Qxd6 Ra7 14. Rd2 Qa5 15. Qb8+ 1-0